1465 1963 1765 1522 1528 1354 1892 1828 1670 1885 1606 1829 1938 1631 1914 1554 1107 1482 1604 1616 1158 1563 1998 1012 1555 1272 1031 1818 1541 1304 1776 1834 1374 1756 1320 1109 1341 1529 1063 1006 1438 1780 1380 1439 1046 1376 1601 1706 1525 1954 1833 1324 1735 1513 1394 1417 1800 1301 1795 1101 1483 1664 1687 1058 1832 1056 1074 1839 1233 1608 1873 1459 1221 1852 1500 1857 1431 1066 1891 1329 1137 1386 1767 1020 1578 1628 1653 1122 1848 1890 1928 1331 1267 1476 1523 1880 1190 1871 1491 BCNSPRNW ULIB Ver.6.0+V

เปลี่ยนเป็นภาษาไทย

Change to English
 แสดงรายละเอียดบรรณานุกรม
  กลับหน้าหลัก

Brief Record : Get Marc (ISO 2709) : E-mail record : QR code < ปิดหน้าต่าง
LEADER : 00000nam 2200000uu 4500
001    13399126167
003     ULIB
008    180626s2559||||th 000 0 tha d
020    ^a9786160027347
050    ^aนว^bส887บ
100  0  ^aเสี่ยวจี้(ลิซ).
245  1  ^aวายุหงสา /^cเสี่ยวจี้(ลิซ).
250    ^aพิมพ์ครั้งที่ 1.
260    ^aกรุงเทพฯ :^bPrincess,^c2559.
300    ^a760 หน้า ;^c21 ซม.
490  1  ^aชุดจอมใจพยัคฆ์
830    0 ^aชุดจอมใจพยัคฆ์.
850    ^aมบ.
945    ^p490^l0^i004273
999    ^aประนอม เกษจรัล
รายการนี้ยังไม่มีแท็ก
คุณยังไม่ได้ล็อกอิน คุณสามารถมีกิจกรรมร่วมกับเว็บไซต์ได้ แต่ต้องล็อกอินก่อน ::
  ล็อกอิน

รายการสื่อสารสนเทศ

ลำดับที่ ประเภท เลขเรียก/บาร์โค้ด สถานที่ สถานะ
1. นวนิยาย
นวนิยาย
นว ส887บ ฉ.1 
  Barcode: 004273
ห้องสมุดวิทยาเขตสวรรค์ประชารักษ์
►หนังสือทั่วไป
บนชั้น

BibComment


ยังไม่เคยถูกคอมเมนท์

คอมเมนท์ทรัพยากรรายการนี้
  คอมเมนท์: วายุหงสา เสี่ย..


 Copyright 2026. Bcnsprnw @Library